000 01830nam0a22003011 4500
001 RU\NLR\A1SV\6884
005 20251203171251.9
035 _a(NLR Aleph) 009692422
090 _a9741738
_c9741738
100 _a20090731d1925 u y0rusy50 ca
101 0 _arus
102 _aRU
200 1 _aОрганизация работ в ремонтных механических мастерских по карточной системе
_eСост. по данным Окр. бюро НОТ Приокск. горного окр. на основании 1 1/2 годов. практики в мастерских Кулебакск. з-да
_fИнж.-техн. А.Г.Попов, инж.-мех. Н.Н.Лепилкин
210 _aМ.
_cИзд-во Главметалла ВСНХ СССР
_d1925
215 _a60 с., [4] чист. с.
_cчерт., бланк.
_d26 см
451 1 _1001RU\NLR\A1SV\6885
_99741746
_aПопов, А.Г. (1879-)
_cМ.
_d1926
_e2-е изд.
_fИнж.-техн. А.Г.Попов, инж.-мех. Н.Н.Лепилкин
_nИзд-во Центр. упр. печати ВСНХ СССР
_oСост. по данным Окр. бюро НОТ Приокск. горного окр. на основании 1 1/2 годов. практики в мастерских Кулебакск. з-да
_p60, [4] с.
_tОрганизация работ в ремонтных механических мастерских по карточной системе
620 _dМосква
700 1 _aПопов
_bА.Г.
_f1879-
_gАлександр Гаврилович
701 1 _aЛепилкин
_bН.Н.
801 0 _aRU
_bNLR
_c20090731
852 _aNLR
_j17.140.4.212
852 _aNLR
_j17.140.4.212а
899 _aРГБ
899 _aКирОУНБ
942 _cBOOK
980 _aNB
980 _aA1SV